Welcome to WEB OPAC of MRSPTU Central Library

Biopharmaceutics and pharmacokinetics (Record no. 7131)

MARC details
000 -LEADER
fixed length control field 00454nam a2200181Ia 4500
008 - FIXED-LENGTH DATA ELEMENTS--GENERAL INFORMATION
fixed length control field 230711s9999||||xx |||||||||||||| ||und||
020 ## - INTERNATIONAL STANDARD BOOK NUMBER
International Standard Book Number 81-239-1307-9
041 ## - LANGUAGE CODE
Language code of text/sound track or separate title ENG
082 ## - DEWEY DECIMAL CLASSIFICATION NUMBER
Classification number 615.7
Item number KU-B
100 ## - MAIN ENTRY--PERSONAL NAME
Personal name Kulkarni,J.S
245 #0 - TITLE STATEMENT
Title Biopharmaceutics and pharmacokinetics
250 ## - EDITION STATEMENT
Edition statement 1st Ed.
260 ## - PUBLICATION, DISTRIBUTION, ETC.
Date of publication, distribution, etc. 2006
Place of publication, distribution, etc. New Delhi
Name of publisher, distributor, etc. CBS Publishers & Distributors Pvt.Ltd
300 ## - PHYSICAL DESCRIPTION
Extent 301p.
650 ## - SUBJECT ADDED ENTRY--TOPICAL TERM
Topical term or geographic name entry element Pharmacy
700 ## - ADDED ENTRY--PERSONAL NAME
Personal name Pawar,A.P
942 ## - ADDED ENTRY ELEMENTS (KOHA)
Koha item type Book
Holdings
Withdrawn status Lost status Damaged status Not for loan Collection Home library Current library Date acquired Source of acquisition Cost, normal purchase price Inventory number Total checkouts Full call number Barcode Date last seen Price effective from Koha item type Date last checked out
          MRSPTU Central Library MRSPTU Central Library   Krishna Book Distributors 250.00 KBD/2016-2017/962442808   615.7 KU-B P215 08/17/2023 08/17/2023 Book  
          MRSPTU Central Library MRSPTU Central Library   Krishna Book Distributors 250.00 KBD/2016-2017/962442808 1 615.7 KU-B P216 05/02/2024 08/17/2023 Book 05/02/2024
          MRSPTU Central Library MRSPTU Central Library   Krishna Book Distributors 250.00 KBD/2016-2017/962442808   615.7 KU-B P217 08/17/2023 08/17/2023 Book  
          MRSPTU Central Library MRSPTU Central Library   Krishna Book Distributors 250.00 KBD/2016-2017/962442808 5 615.7 KU-B P218 02/20/2025 08/17/2023 Book 02/20/2025
          MRSPTU Central Library MRSPTU Central Library   Krishna Book Distributors 250.00 KBD/2016-2017/962442808 4 615.7 KU-B P219 06/11/2024 08/17/2023 Book 04/29/2024

Website Designed and Developed by MRSPTU Central Library Team

E-mail Id: librarian@mrsptu.ac.in